000
00244nam a2200109Ia 4500
008
190216s9999||||xx |||||||||||||| ||und||
100
_a
Varma R S
245
0
_a
Hindi-Redar
260
_b
Mac Millian And Com. Ltd
650
_a
Hindi
942
_c
BK
999
_c
15347
_d
15347